Loading...
| Science - Chemistry | 0 | 5 | 0 | 0 | 50 | 66 | 79.80 | 0 | 1 | 10.45 | 22.32 |
| Science - Physics | 0 | 4 | 0 | 1 | 40 | 35 | 67.00 | 0 | 2 | 10.73 | 14.43 |
| History - American | 0 | 4 | 0 | 1 | 40 | 10 | 66.00 | 1 | 1 | 11.37 | 13.99 |
| Religion | 0 | 4 | 0 | 1 | 40 | 58 | 97.00 | 0 | 1 | 5.18 | 11.46 |
| Pop Culture | 0 | 3 | 0 | 0 | 30 | 44 | 53.00 | 0 | 1 | 25.63 | 24.40 |
| Literature - American | 0 | 3 | 0 | 1 | 30 | 95 | 103.67 | 0 | 0 | 1.27 | 5.51 |
| Social Science | 0 | 3 | 0 | 0 | 30 | 44 | 73.00 | 0 | 1 | 9.97 | 20.83 |
| Fine Arts - Other | 0 | 3 | 2 | 0 | 20 | 52 | 63.00 | 1 | 3 | 10.97 | 14.14 |
| Science - Biology | 0 | 2 | 0 | 0 | 20 | 65 | 77.00 | 0 | 1 | 3.90 | 8.33 |
| Philosophy | 0 | 2 | 0 | 0 | 20 | 74 | 77.50 | 0 | 0 | 5.51 | 6.25 |
| Literature - British | 0 | 2 | 0 | 0 | 20 | 71 | 93.50 | 0 | 0 | 3.33 | 4.76 |
| Geography | 0 | 2 | 0 | 1 | 20 | 105 | 111.50 | 0 | 1 | 2.46 | 13.99 |
| Mythology | 0 | 1 | 0 | 0 | 10 | 82 | 82.00 | 0 | 0 | 1.89 | 2.08 |
| History - European | 0 | 1 | 0 | 0 | 10 | 79 | 79.00 | 0 | 0 | 1.40 | 1.04 |
| History - World | 0 | 1 | 0 | 0 | 10 | 18 | 18.00 | 1 | 1 | 7.06 | 7.29 |
| Current Events | 0 | 1 | 0 | 0 | 10 | 106 | 106.00 | 0 | 0 | 0.00 | 1.79 |
| Painting/Sculpture | 0 | 1 | 0 | 0 | 10 | 107 | 107.00 | 0 | 1 | 0.00 | 2.08 |
| Science - Other | 0 | 1 | 1 | 0 | 5 | 52 | 52.00 | 0 | 0 | 4.50 | 5.21 |
| Literature - World | 0 | 1 | 1 | 0 | 5 | 75 | 75.00 | 0 | 0 | 2.85 | 4.17 |
| Fine Arts - Classical Music | 0 | 0 | 3 | 0 | -15 | 0.00 | 0 | 0 | 0.00 | 0.00 |